| 000 | 00574nam a2200157 i 4500 | ||
|---|---|---|---|
| 001 | 23887 | ||
| 003 | ES-MaACL | ||
| 005 | 20230906152943.0 | ||
| 007 | t| | ||
| 008 | 021213s1880 cu ||||1| spa d | ||
| 245 | 0 | 0 |
_aSegundo aniversario de la fundación del partido liberal de la isla de Cuba _b: discursos pronunciados en la reunión pública celebrada en la "Caridad" del Cerro el 9 de agosto de 1880. |
| 260 |
_aHabana : _b[s.n.], _c1880 ( _f"El Cosmopolita") |
||
| 300 |
_a87 p. ; _c22 cm. |
||
| 610 | 2 | 4 |
_aPartido liberal (Cuba) _9143215 |
| 852 |
_aES-MaACL _jT-350-F-8 |
||
| 999 |
_c23887 _d23887 |
||